Investigating communication : an introduction to research methods

Bibliographic Details
Main Authors: Frey, Lawrence R. (Author), Botan, Carl H. (Author), Kreps, Gary L. (Author)
Format: Book
Language:English
Published: Boston : Allyn and Bacon 2000
Edition:Second edition
Subjects:

MARC

LEADER 00000cam a2200000 7i4500
001 0000012121
005 20241018.0
008 231115 maua eng
020 |a 0205198260 (hbk) 
040 |a INS   |b eng   |e rda 
090 0 0 |a P91.3   |b .F74 2000 
100 1 |a Frey, Lawrence R. ,   |e author 
245 1 0 |a Investigating communication :   |b an introduction to research methods   |c Lawrence R. Frey, Carl H. Botan, Gary L. Kreps 
250 |a Second edition 
264 1 |a Boston :   |b Allyn and Bacon   |c 2000 
300 |a xiv, 514 pages :   |b illustrations ;   |c 24 cm. 
336 |a text  |2 rdacontent 
337 |a unmediated  |2 rdamedia 
338 |a volume  |2 rdacarrier 
504 |a Includes bibliographical references and index 
650 0 |a Communication   |x Reserch   |y Methodology 
700 1 |a Botan, Carl H. ,   |e author 
700 1 |a Kreps, Gary L. ,   |e author 
999 |a 0000012836   |b BOOK   |c Open Shelf   |e Default branch